[Event "SWE-chB"]
[Site "Vadso"]
[Date "2008.07.08"]
[Round "10"]
[White "Lisseng, Christopher"]
[Black "Blomqvist, Erik"]
[Result "0-1"]
[WhiteElo "2169"]
[BlackElo "2322"]
[PlyCount "51"]
[EventDate "2008.06.28"]
[EventType "tourn"]
[EventRounds "13"]
[EventCountry "SWE"]
[SourceTitle "CBM 125 Extra"]
[Source "ChessBase"]
[SourceDate "2008.09.01"]
[SourceVersion "1"]
[SourceVersionDate "2008.09.01"]
[SourceQuality "1"]

1. d4 Nf6 2. Nf3 g6 3. c4 Bg7 4. Nc3 0-0 5. e4 d6 6. h3 Nbd7 7. Be3 e5 8. d5 Nh5 9. Nd2 Nc5 10. b4 Nxe4 11. Ncxe4 f5 12. g4 Nf4 13. gxf5 gxf5 14. Nc3 Ng6 15. Nb3 f4 16. Bd2 e4 17. Nxe4 Bf5 18. f3 Bxe4 19. fxe4 Qh4+ 20. Ke2 f3+ 21. Kd3 Ne5+ 22. Kc2 Qxe4+ 23. Kc1 f2 24. Be2 Nxc4 25. Bxc4 Qxc4+ 26. Kb1 0-1

[Event "SWE-chB"]
[Site "Vadso"]
[Date "2008.07.07"]
[Round "9"]
[White "Lisseng, Christopher"]
[Black "Westerberg, Jonathan"]
[Result "1-0"]
[WhiteElo "2169"]
[BlackElo "1896"]
[PlyCount "101"]
[EventDate "2008.06.28"]
[EventType "tourn"]
[EventRounds "13"]
[EventCountry "SWE"]
[SourceTitle "CBM 125 Extra"]
[Source "ChessBase"]
[SourceDate "2008.09.01"]
[SourceVersion "1"]
[SourceVersionDate "2008.09.01"]
[SourceQuality "1"]

1. d4 d5 2. Nf3 e6 3. c4 c6 4. e3 f5 5. Bd3 Nf6 6. 0-0 Bd6 7. b3 Qe7 8. Bb2 0-0 9. Qc1 Nbd7 10. Ba3 Bxa3 11. Qxa3 Qe8 12. cxd5 Nxd5 13. Nbd2 Qh5 14. Rfc1 g5 15. Nf1 a5 16. Qd6 N7f6 17. Ng3 Qg6 18. Ne5 Qg7 19. Re1 Kh8 20. e4 Nb4 21. exf5 Nxd3 22. Nxd3 exf5 23. Re7 Qg8 24. Qe5 Qg6 25. h4 f4 26. hxg5 fxg3 27. gxf6 gxf2+ 28. Nxf2 Qxf6 29. Qxf6+ Rxf6 30. Re8+ Kg7 31. Rae1 b6 32. Rd8 Rf8 33. Re7+ Kg8 34. Rxf8+ Kxf8 35. Rxh7 Be6 36. Rb7 b5 37. Nd3 Bd5 38. Nf4 a4 39. Nxd5 axb3 40. axb3 cxd5 41. Rxb5 Ra3 42. Kf2 Ke7 43. Kf3 Kd6 44. g4 Ra1 45. Kf4 Re1 46. Kf5 Re4 47. Rb4 Ke7 48. g5 Kf7 49. Rb7+ Kg8 50. Kf6 Re8 51. Rd7 1-0